Province che confinano con la Città metropolitana di Bologna - Statistics

Statistiche generali
  • Questo quiz è stato fatto 36 volte
  • Il punteggio medio è 6 su 6
Statistiche sulle risposte
Regione Provincia % Corretto
Toscana Città metropolitana di Firenze
100%
Emilia-Romagna Provincia di Modena
100%
Emilia-Romagna Provincia di Ferrara
97%
Toscana Provincia di Prato
97%
Toscana Provincia di Pistoia
91%
Emilia-Romagna Provincia di Ravenna
91%
Nessun quiz corrispondente trovato
Distribuzione punteggi
Percentuale di utenti per punteggio
Percentile per numero di risposta
I tuoi punteggi nel tempo
Non hai fatto questo quiz